| 000 | 01364cam a2200349 i 4500 | ||
|---|---|---|---|
| 001 | 18177320 | ||
| 003 | EG-ScBUE | ||
| 005 | 20250518094634.0 | ||
| 008 | 140605t2015 njua f b 001 0 eng d | ||
| 020 | _a9781118775523 (hardback) | ||
| 040 |
_aEG-ScBUE _beng _erda _cEG-ScBUE _dEG-ScBUE |
||
| 082 | 0 | 4 |
_a532.58 _bINT _222 |
| 245 | 0 | 0 |
_aIntroductory transport phenomena / _cR. Byron Bird [and three others] |
| 264 | 1 |
_aHoboken, New Jersey : _bJohn Wiley & Sons, INC., _c[2015] |
|
| 264 | 4 | _cc2015 | |
| 300 |
_ax, 769 pages : _billustrations ; _c26 cm |
||
| 336 |
_2rdacontent _atext _btxt |
||
| 337 |
_aunmediated _2rdamedia _bn |
||
| 338 |
_avolume _bnc _2rdacarrier |
||
| 504 | _aIncludes bibliographical references and index. | ||
| 520 | _a"The first seven chapters of this book deal with the flow of viscous fluids of molecular weight less than about 1000 g/g-mol, such as air, water, benzene, and glycerin"-- | ||
| 650 | 7 |
_aViscous flow _xMathematical models. _2BUEsh |
|
| 650 | 7 |
_aFluid dynamics. _2BUEsh |
|
| 650 | 7 |
_aTransport theory. _2BUEsh |
|
| 653 |
_bENGGEN _cNovember2015 |
||
| 655 |
_vReading book _934232 |
||
| 700 | 1 |
_aBird, R. Byron _q(Robert Byron), _d1924- _eauthor. |
|
| 700 | 1 |
_aStewart, Warren E., _d1925-, _eauthor. |
|
| 700 | 1 |
_aLightfoot, Edwin N., _d1925-, _eauthor. |
|
| 700 | 1 |
_aKlingenberg, Daniel J., _eauthor. |
|
| 942 |
_2ddc _cBB |
||
| 999 |
_c21005 _d20977 |
||